व्यवसायिक हिंदी / (Record no. 111696)

MARC details
000 -LEADER
fixed length control field 01193nam a22002657a 4500
005 - DATE AND TIME OF LATEST TRANSACTION
control field 20170124102928.0
010 ## - LIBRARY OF CONGRESS CONTROL NUMBER
LC control number HN-068580
020 ## - INTERNATIONAL STANDARD BOOK NUMBER
Terms of availability 150.00
International Standard Book Number 9788189982508
035 ## - SYSTEM CONTROL NUMBER
System control number HN-068580
037 ## - SOURCE OF ACQUISITION
Source of stock number/acquisition Cen Lib/Ret
040 ## - CATALOGING SOURCE
Original cataloging agency DPL
Language of cataloging HN
082 ## - DEWEY DECIMAL CLASSIFICATION NUMBER
Classification number 425
Item number तिवारी
100 ## - MAIN ENTRY--PERSONAL NAME
Personal name तिवारी, भोलानाथ
9 (RLIN) 111660
245 ## - TITLE STATEMENT
Title व्यवसायिक हिंदी /
Statement of responsibility, etc भोलानाथ तिवारी [एवम] महेंद्र चतुवेदी
246 ## - VARYING FORM OF TITLE
Title proper/short title Viyvasayik Hindi /
Remainder of title by Bholanath Tiwari [and] Mahender Chaturvedi
260 ## - PUBLICATION, DISTRIBUTION, ETC. (IMPRINT)
Place of publication, distribution, etc दिल्ली
Name of publisher, distributor, etc आर्य प्रकाशन मंडल
Date of publication, distribution, etc 2011
270 ## - ADDRESS
Address IX,221, सरस्वती भंडार , गांधीनगर
City दिल्ली
Postal code 110032
300 ## - PHYSICAL DESCRIPTION
Extent 116पृ.
Dimensions 20सेमी(सजिल्द)
650 ## - SUBJECT ADDED ENTRY--TOPICAL TERM
Topical term or geographic name as entry element व्यवसायिक हिंदी
9 (RLIN) 232
650 ## - SUBJECT ADDED ENTRY--TOPICAL TERM
Topical term or geographic name as entry element हिंदी भाषा
9 (RLIN) 111661
650 ## - SUBJECT ADDED ENTRY--TOPICAL TERM
Topical term or geographic name as entry element Professional Hindi
9 (RLIN) 111662
650 ## - SUBJECT ADDED ENTRY--TOPICAL TERM
Topical term or geographic name as entry element Hindi language
9 (RLIN) 9446
700 ## - ADDED ENTRY--PERSONAL NAME
Personal name चतुवेदी, महेंद्र
9 (RLIN) 111663
942 ## - ADDED ENTRY ELEMENTS (KOHA)
Source of classification or shelving scheme Dewey Decimal Classification
Koha item type Hindi Books
Classification part 425
Call number suffix तिवारी
Holdings
Withdrawn status Lost status Damaged status Not for loan Collection code Home library Current library Date acquired Source of acquisition Cost, normal purchase price Total Checkouts Full call number Barcode Date last seen Copy number Cost, replacement price Price effective from Koha item type
      Not For Loan Reference Central Library Central Library 05/08/2015 Cen Lib/Ret 150.00   425 तिवारी HN-068580 05/08/2015 1 150.00 15/09/2016 Hindi Books

© Delhi Public Library
Hit Counter
free hit counter